Statistiques concernant Films d'animations mals décrits #1

Cliquez ici pour prendre le quiz!

Statistiques générales

  • Ce quiz a été pris 220 fois
  • Le résultat moyen est 6 sur 16

Statistiques - réponses

DescriptionsFilms% Correct
C'est l'histoire d'un robot crasseux qui va tomber amoureux d'un robot moderne dans un vaisseau où l'homme ne peut plus se déplacer qu'en chaise volanteWall-e
82%
C'est l'histoire d'un voleur qui rencontre par hasard une femme préférant tapper ses invités avec une bonne grosse poele plutôt que de les accueillir chaleureusementRaiponce
72%
C'est l'histoire d'un oiseau sachant voler depuis peu et de sa femme brésilienne voulant faire du tourisme dans la foret amazonienne sauf que l'antagoniste du précédent opus essaiera de se vengerRio 2
70%
C'est l'histoire d'un "homme" qui apprends à combattre comme un homme, qui est suivi d'un animal totem et d'un criquet et qui veut protéger son paysMulan
60%
C'est l'hisoire d'une groupe de mammifères qui essaient désspérément de fuir la dérive des continents mais qui se fera aborder par une bande de pirates qui adore chanter les louanges de leur chefL'âge de glace 4
54%
C'est l'histoire de deux plombiers voulant percer mais qui finissent par être séparés à cause d'un gros tuyauSuper Mario bros
53%
C'est l'histoire d'un manipulateur d'enfant qui habite dans un monde merveilleux dont la seule menace est un vieux monsieur qui déteste le bruit des réveilsPeter pan
46%
C'est l'histoire d'un homme et d'une femme qui, de temps en temps, échangent leur corps et le seul moyen qu'ils ont trouvés pour se parler, au départ, est d'écrire des kanjis sur leur corpsYour name
44%
C'est l'histoire d'un guerrier surpuissant qui retrouve enfin son père depuis des années et qui va combattre un buffle pas trés gentil qui veut transformer ces anciens compères en bijoux vertsKung Fu Panda 3
40%
C'est l'histoire d'un père voulant surprotéger sa famille sauf qu'un soir sa fille fera la connaissance d'un homme sachant maitriser le feuLes croods
29%
C'est l'histoire d'un prof qui gagne l'opportunité de jouer dans le même groupe qu'une grande star de la musique sauf qu'il n'a pas regardé où il a mit ses piedsSoul
27%
C'est l'histoire d'un chien croyant avoir des pouvoirs voulant retrouver sa maitresse après que celle-ci se soit faite "kidnappée"Volt, star malgré lui
23%
c'est l'histoire d'un groupe composé d'un criquet super intelligent, d'une flaque bleue, d'un poisson vert dégueulasse et d'une femme qui peut changer de taille qui vont se combattre contre une race venue d'ailleursMonstres contre Aliens
15%
C'est l'histoire d'une fille sur-entrainée qui cherche à réparer son erreur à l'aide d'un dragon métamorphe, d'un bébé, d'un pseudo-viking, d'un cuisto et d'un tatou géant beaucoup trop mignon.Raya et le dernier dragon
13%
C'est l'histoire d'une fille qui devient amie avec une chaise et qui doit fermer des portes pour stopper des tremblements de terreSuzume
8%
C'est l'histoire d'un menteur égocentrique, d'une rebelle et de son groupe qui veulent s'échapper de l'endroit où ils sont car une psychopate veut devenir richeChicken Run
1%

Distribution des résultats

Percentile par nombre de réponses

% des personnes avec chaque résultat

Votre développement - résultats

Vous n’avez pas pris ce quiz